| Tag |
First Indicator |
Second Indicator |
Subfields |
| LEADER |
00000cam a2200000 a 4500 |
| 001 |
in00000008996 |
| 005 |
20151007051444.0 |
| 008 |
850809s1986 pauaf b s00110 eng |
| 010 |
|
|
|a 84043089
|
| 020 |
|
|
|a 0271003898 :
|c $30.00
|
| 035 |
|
|
|a (OCoLC)12556102
|
| 035 |
|
|
|9 AAA3067AM
|
| 040 |
|
|
|a DLC
|c DLC
|d m/c
|d TXA
|d UtOrBLW
|
| 043 |
|
|
|a e-it---
|
| 049 |
|
|
|a TXAM
|c [A11005395]
|
| 050 |
0 |
0 |
|a ND2757.R6
|b T76 1986
|
| 082 |
0 |
|
|a 751.7/3/09376
|2 19
|
| 100 |
1 |
|
|a Tronzo, William.
|
| 245 |
1 |
4 |
|a The Via Latina catacomb :
|b imitation and discontinuity in fourth-century Roman painting /
|c William Tronzo.
|
| 264 |
|
1 |
|a University Park [Pa.] :
|b Published for the College Art Association of America by the Pennsylvania State University Press,
|c 1986.
|
| 300 |
|
|
|a xiv, 87 pages, 56 unnumbered pages of plates :
|b illustrations ;
|c 29 cm.
|
| 336 |
|
|
|a text
|b txt
|2 rdacontent
|
| 337 |
|
|
|a unmediated
|b n
|2 rdamedia
|
| 338 |
|
|
|a volume
|b nc
|2 rdacarrier
|
| 490 |
1 |
|
|a Monographs on the fine arts ;
|v 38
|
| 504 |
|
|
|a Bibliography: pages [79]-83.
|
| 500 |
|
|
|a Includes index.
|
| 650 |
|
0 |
|a Mural painting and decoration, Early Christian
|z Italy
|z Rome
|x Themes, motives.
|
| 650 |
|
0 |
|a Mural painting and decoration, Roman
|z Italy
|z Rome
|x Themes, motives.
|
| 650 |
|
0 |
|a Mural painting and decoration
|z Italy
|z Rome
|x Themes, motives.
|
| 630 |
0 |
0 |
|a Bible
|v Illustrations.
|
| 650 |
|
0 |
|a Mythology, Classical, in art.
|
| 651 |
|
0 |
|a Via Latina Catacomb (Rome, Italy)
|
| 710 |
2 |
|
|a College Art Association of America.
|
| 830 |
|
0 |
|a Monographs on the fine arts ;
|v 38.
|
| 999 |
|
|
|a MARS
|
| 999 |
f |
f |
|s b1010aa9-e11a-3e25-9e5e-fc7c8bda2d9b
|i de9f7089-06cb-3c73-aa56-053745165c04
|t 0
|
| 952 |
f |
f |
|p ric
|a Texas A&M University
|b Rellis Campus
|c Joint Library Facility
|d Remote Storage
|t 0
|e ND2757.R6 T76 1986
|h Library of Congress classification
|i unmediated -- volume
|m A14811005395
|
| 998 |
f |
f |
|a ND2757.R6 T76 1986
|t 0
|l Remote Storage
|